[Event "ITA-ch (Women)"]
[Site "Bratto"]
[Date "2008.08.22"]
[Round "1"]
[White "Brunello, Marina"]
[Black "Fittante, Giuliana"]
[Result "1-0"]
[WhiteElo "2072"]
[BlackElo "1833"]
[PlyCount "49"]
[EventDate "2008.08.22"]
[EventType "swiss"]
[EventRounds "9"]
[EventCountry "ITA"]
[SourceTitle "CBM 126 Extra"]
[Source "ChessBase"]
[SourceDate "2008.11.05"]
[SourceVersion "1"]
[SourceVersionDate "2008.11.05"]
[SourceQuality "1"]

1. e4 Nf6 2. e5 Nd5 3. d4 d6 4. c4 Nb6 5. exd6 exd6 6. Nc3 Be7 7. Bd3 Nc6 8. Nf3 Bg4 9. Be3 Bf6 10. Be2 Qe7 11. 0-0 Bxf3 12. Bxf3 Nxc4 13. Qa4 Nb6 14. Bxc6+ Kf8 15. Qc2 bxc6 16. Ne4 d5 17. Nd2 Qd6 18. Rac1 Ke7 19. Rfe1 Kd7 20. Nb3 Rhb8 21. Nc5+ Kd8 22. Qxh7 Qf8 23. Qf5 Be7 24. Bg5 Bxg5 25. Ne6+ 1-0

[Event "Piemonte-ch"]
[Site "Turin"]
[Date "2008.04.23"]
[Round "4"]
[White "Angioni, Gian Carlo"]
[Black "Fittante, Giuliana"]
[Result "1/2-1/2"]
[WhiteElo "1825"]
[BlackElo "1854"]
[PlyCount "112"]
[EventDate "2008.04.20"]
[EventType "swiss"]
[EventRounds "9"]
[EventCountry "ITA"]
[SourceTitle "EXT 2011"]
[Source "ChessBase"]
[SourceDate "2010.11.26"]
[SourceVersion "1"]
[SourceVersionDate "2010.11.26"]
[SourceQuality "1"]

1. e4 e5 2. Bc4 Nf6 3. d3 Nc6 4. Nf3 d6 5. 0-0 Be7 6. c3 Bg4 7. Bb3 Qd7 8. Nbd2 a6 9. Re1 b5 10. Nf1 Na5 11. Bc2 Nb7 12. Ne3 Bh5 13. Nf5 0-0 14. d4 Rfe8 15. Bg5 exd4 16. cxd4 Bg4 17. Ne3 Bh5 18. h3 Qc8 19. Nf5 Bd8 20. Qd3 Bg6 21. N5h4 Nh5 22. Bd2 Bxh4 23. Nxh4 Nd8 24. Nxg6 hxg6 25. Qf3 Ne6 26. Be3 Qd8 27. g4 Nf6 28. e5 dxe5 29. dxe5 Nh7 30. Rad1 Qh4 31. Kh2 Rad8 32. Qg2 c5 33. f4 Nd4 34. Bb1 Nf8 35. b4 Nfe6 36. bxc5 Nc6 37. Qxc6 Nxf4 38. Bxf4 Qf2+ 39. Kh1 Qxf4 40. e6 Rxd1 41. exf7+ Qxf7 42. Rxd1 Re6 43. Qg2 Qe7 44. Qd5 Kh7 45. Qh5+ Kg8 46. Bxg6 Re1+ 47. Rxe1 Qxe1+ 48. Kg2 Qe2+ 49. Kg3 Qe1+ 50. Kf4 Qf2+ 51. Ke4 Qc2+ 52. Ke3 Qc1+ 53. Kd4 Qc4+ 54. Ke3 Qc1+ 55. Ke2 Qc4+ 56. Ke3 Qc1+ 1/2-1/2

[Event "ITA-ch (Women) 33rd"]
[Site "Bratto"]
[Date "2006.08.25"]
[Round "7"]
[White "Fittante, Giuliana"]
[Black "Reginato, Sabrina"]
[Result "0-1"]
[WhiteElo "1883"]
[BlackElo "1517"]
[PlyCount "118"]
[EventDate "2006.08.19"]
[EventType "swiss"]
[EventRounds "9"]
[EventCountry "ITA"]
[SourceTitle "CBM 113 Extra"]
[Source "ChessBase"]
[SourceDate "2006.09.14"]
[SourceVersion "1"]
[SourceVersionDate "2006.09.14"]
[SourceQuality "1"]

1. d4 d5 2. Nf3 e6 3. g3 Nf6 4. Bg2 c5 5. c3 Be7 6. Nbd2 0-0 7. 0-0 b6 8. Ne5 cxd4 9. cxd4 Bb7 10. Ndf3 Nbd7 11. Bg5 Nxe5 12. Nxe5 Nd7 13. Bxe7 Qxe7 14. Nd3 Rfc8 15. Rc1 Ba6 16. Qd2 h6 17. Rfe1 Qg5 18. Qxg5 hxg5 19. Rxc8+ Rxc8 20. Rc1 Rxc1+ 21. Nxc1 Nf6 22. f3 Ne8 23. e4 Nd6 24. exd5 exd5 25. Kf2 Nf5 26. f4 gxf4 27. gxf4 Nxd4 28. Bxd5 Kf8 29. Ke3 Nf5+ 30. Ke4 Nd6+ 31. Kd4 Ke7 32. Nb3 Kf6 33. Nd2 Kf5 34. Ke3 f6 35. Bf3 Nc4+ 36. Nxc4 Bxc4 37. a3 Bf1 38. Kf2 Kxf4 39. Bd5 Bd3 40. Bc6 f5 41. Bd5 Ke5 42. Bc6 Kd4 43. Bd7 g5 44. Kf3 Be4+ 45. Kg3 Kd3 46. Be6 Kc2 47. b3 Kb2 48. a4 a5 49. Kf2 f4 50. h3 Bc2 51. Kf3 Bxb3 52. Bd7 Bd1+ 53. Ke4 f3 54. Ke3 Ka3 55. Bc6 Bxa4 56. Bxf3 b5 57. Kd4 b4 58. Ke5 b3 59. Kf6 b2 0-1

[Event "ITA-ch (Women)"]
[Site "Bratto"]
[Date "2005.08.23"]
[Round "4"]
[White "Fittante, Giuliana"]
[Black "Reginato, Sabrina"]
[Result "1/2-1/2"]
[WhiteElo "1879"]
[BlackElo "1670"]
[PlyCount "89"]
[EventDate "2005.08.20"]
[EventType "swiss"]
[EventRounds "9"]
[EventCountry "ITA"]
[SourceTitle "CBM 108 Extra"]
[Source "ChessBase"]
[SourceDate "2005.11.04"]
[SourceVersion "1"]
[SourceVersionDate "2005.11.04"]
[SourceQuality "1"]

1. d4 d5 2. Nf3 Nf6 3. Bg5 e6 4. e3 Be7 5. Bd3 Nbd7 6. Nbd2 0-0 7. c3 c5 8. 0-0 Re8 9. Rc1 b6 10. e4 dxe4 11. Nxe4 Bb7 12. Ng3 Bxf3 13. Qxf3 e5 14. Bxf6 Bxf6 15. Qg4 cxd4 16. cxd4 exd4 17. Qh3 g6 18. Bb5 Re7 19. Bc6 Rb8 20. Ne4 Bg7 21. f4 Nf6 22. Qd3 Nxe4 23. Bxe4 f5 24. Qb3+ Kh8 25. Bd3 Re3 26. Rfd1 Qd7 27. Qc4 Qb7 28. Kf2 Bf6 29. Qc6 Qe7 30. Re1 Re8 31. Red1 h6 32. b3 Kg7 33. Qc7 Kf8 34. Qxe7+ R8xe7 35. Rc8+ Kg7 36. Bc4 Rd7 37. Ra8 Rc3 38. Bd3 Kf7 39. g3 Re7 40. Bc4+ Kg7 41. Rd2 Rd7 42. Ke2 Re7+ 43. Kd1 Rd7 44. Ke2 Re7+ 45. Kd1 1/2-1/2

[Event "Turin op"]
[Site "Turin"]
[Date "2002.11.20"]
[Round "3"]
[White "Fittante, Giuliana"]
[Black "Vozza, Nicola"]
[Result "1-0"]
[WhiteElo "1779"]
[BlackElo "1822"]
[PlyCount "59"]
[EventDate "2002.11.24"]
[EventType "swiss"]
[EventRounds "7"]
[EventCountry "ITA"]
[SourceTitle "CBM 091 Extra"]
[Source "ChessBase"]
[SourceDate "2003.01.09"]
[SourceVersion "1"]
[SourceVersionDate "2003.01.09"]
[SourceQuality "1"]

1. d4 f5 2. c4 Nf6 3. Nc3 d6 4. Nf3 g6 5. g3 Bg7 6. Bg2 0-0 7. 0-0 Nc6 8. d5 Ne5 9. Nxe5 dxe5 10. b4 a6 11. Bb2 Qe8 12. Rc1 g5 13. c5 Qg6 14. d6 exd6 15. cxd6 c6 16. Na4 Nd7 17. Nc5 Kh8 18. Qd2 e4 19. Bxg7+ Kxg7 20. Qd4+ Kh6 21. Rfd1 Rf6 22. Rc2 a5 23. a3 axb4 24. axb4 b6 25. Nxd7 Bxd7 26. Rcd2 b5 27. f3 Re6 28. fxe4 fxe4 29. Qe3 Rae8 30. Bh3 1-0

[Event "Mitropa Cup (Women) 1st"]
[Site "Saint Vincent"]
[Date "2002.10.01"]
[Round "4"]
[White "Fittante, Giuliana"]
[Black "Verot, Melanie"]
[Result "1/2-1/2"]
[WhiteElo "2011"]
[BlackElo "2077"]
[PlyCount "56"]
[EventDate "2002.09.28"]
[EventType "team-tourn"]
[EventRounds "9"]
[EventCountry "ITA"]
[SourceTitle "CBM 090 Extra"]
[Source "ChessBase"]
[SourceDate "2002.11.07"]
[SourceVersion "1"]
[SourceVersionDate "2002.11.07"]
[SourceQuality "1"]

1. d4 d5 2. Nf3 e6 3. Bg5 Nf6 4. e3 c5 5. c3 Nc6 6. Bd3 Qb6 7. b3 c4 8. Bc2 Be7 9. Nbd2 Qa5 10. bxc4 Qxc3 11. Bxf6 Bxf6 12. cxd5 exd5 13. 0-0 0-0 14. Rc1 Qa5 15. Nb3 Qd8 16. Nc5 b6 17. Ba4 Na5 18. Nd3 Ba6 19. Re1 Bc4 20. Nb4 Be7 21. a3 b5 22. Bc2 Rc8 23. Ne5 f6 24. Qh5 h6 25. Qg6 fxe5 26. Qh7+ Kf7 27. Qg6+ Kg8 28. Qh7+ Kf7 1/2-1/2

[Event "ITA-ch (Women)"]
[Site "Bratto"]
[Date "2002.??.??"]
[Round "2"]
[White "Fittante, Giuliana"]
[Black "Dieni, Eleonora"]
[Result "1-0"]
[WhiteElo "1794"]
[BlackElo "1600"]
[PlyCount "79"]
[EventDate "2002.08.21"]
[EventType "swiss"]
[EventRounds "9"]
[EventCountry "ITA"]
[SourceTitle "EXT 2003"]
[Source "ChessBase"]
[SourceDate "2002.11.25"]
[SourceVersion "1"]
[SourceVersionDate "2002.11.25"]
[SourceQuality "1"]

1. d4 d5 2. Nf3 Nf6 3. Bg5 h6 4. Bh4 e6 5. e3 c5 6. c3 Nc6 7. Bd3 c4 8. Bc2 Bd7 9. Nbd2 b5 10. e4 Qc7 11. Bxf6 gxf6 12. exd5 exd5 13. Qe2+ Be6 14. Nh4 0-0-0 15. 0-0 Bd6 16. Ndf3 Rde8 17. Nf5 Bf4 18. g3 Rhg8 19. Kh1 Kb8 20. Qd1 Bxf5 21. Bxf5 Bd6 22. b3 Ne7 23. Bh3 f5 24. Nh4 f4 25. Qf3 fxg3 26. fxg3 Bxg3 27. Nf5 Nxf5 28. Bxf5 Bxh2 29. Qxd5 a6 30. bxc4 Qxc4 31. Qxc4 bxc4 32. Rab1+ Kc7 33. Kxh2 Re2+ 34. Kh3 Re3+ 35. Kh4 Rgg3 36. Rbe1 Rxc3 37. Re7+ Kd6 38. Rxf7 Rgf3 39. Rxf3 Rxf3 40. Rd7+ 1-0

[Event "ITA-ch (Women)"]
[Site "Bratto"]
[Date "2002.??.??"]
[Round "4"]
[White "Fittante, Giuliana"]
[Black "Panella, Fiammetta"]
[Result "1-0"]
[WhiteElo "1794"]
[BlackElo "1693"]
[PlyCount "97"]
[EventDate "2002.08.21"]
[EventType "swiss"]
[EventRounds "9"]
[EventCountry "ITA"]
[SourceTitle "EXT 2003"]
[Source "ChessBase"]
[SourceDate "2002.11.25"]
[SourceVersion "1"]
[SourceVersionDate "2002.11.25"]
[SourceQuality "1"]

1. d4 d5 2. Nf3 Nf6 3. Bg5 Ne4 4. Bf4 c5 5. c3 Nc6 6. Nbd2 Bg4 7. h3 Bh5 8. Qb3 Nxd2 9. Nxd2 cxd4 10. Qxb7 Rc8 11. Rc1 dxc3 12. Rxc3 Qd7 13. Qa6 e6 14. a3 Be7 15. e3 e5 16. Bxe5 0-0 17. Bb5 Qe6 18. Bxc6 Qxe5 19. Qxa7 Rb8 20. Bb7 d4 21. Rb3 Bc5 22. Nc4 Qf5 23. e4 Rbe8 24. Qa5 Rxe4+ 25. Bxe4 Qxe4+ 26. Kf1 Qe2+ 27. Kg1 Qxc4 28. Qb5 Qc1+ 29. Kh2 Bd6+ 30. g3 Qc2 31. Kg1 Bf3 32. Rxf3 Rb8 33. Qf5 Qc7 34. Kg2 Rxb2 35. Re1 g6 36. Re8+ Kg7 37. Qe4 Rd2 38. Rd3 Rxd3 39. Qxd3 Qd7 40. Qe4 Bxa3 41. Ra8 Bc1 42. Ra5 Bb2 43. h4 Bc3 44. Rd5 Qb7 45. h5 Qc7 46. g4 h6 47. hxg6 fxg6 48. Qe6 Qb7 49. Kh3 1-0

[Event "ITA-ch (Women)"]
[Site "Bratto"]
[Date "2002.??.??"]
[Round "7"]
[White "Fittante, Giuliana"]
[Black "Sirletti, Sonia"]
[Result "0-1"]
[WhiteElo "1794"]
[BlackElo "1786"]
[PlyCount "71"]
[EventDate "2002.08.21"]
[EventType "swiss"]
[EventRounds "9"]
[EventCountry "ITA"]
[SourceTitle "EXT 2003"]
[Source "ChessBase"]
[SourceDate "2002.11.25"]
[SourceVersion "1"]
[SourceVersionDate "2002.11.25"]
[SourceQuality "1"]

1. Nf3 Nf6 2. d4 g6 3. b3 Bg7 4. Bb2 d6 5. g3 0-0 6. Bg2 Nbd7 7. c4 c6 8. 0-0 Re8 9. Nc3 e5 10. dxe5 dxe5 11. e4 Qc7 12. Qc2 a5 13. a3 Nc5 14. Rfd1 a4 15. b4 Nb3 16. Rab1 b5 17. cxb5 cxb5 18. Qe2 Ba6 19. Nd5 Nxd5 20. Rxd5 Rac8 21. Rbd1 Qc2 22. Qxc2 Rxc2 23. Bxe5 Bxe5 24. Nxe5 Ra2 25. Rd8 Kf8 26. Nc6 Rxd8 27. Rxd8+ Kg7 28. Bf1 Rxa3 29. Kg2 Ra2 30. Rb8 a3 31. Rb6 Bc8 32. Bxb5 Rd2 33. Na5 Nxa5 34. bxa5 a2 35. Rb8 a1Q 36. Rxc8 0-1

[Event "ITA-ch (Women) 28th"]
[Site "Imperia"]
[Date "2001.09.07"]
[Round "7"]
[White "Ceccaroni, Penny"]
[Black "Fittante, Giuliana"]
[Result "0-1"]
[WhiteElo "1464"]
[BlackElo "2011"]
[PlyCount "36"]
[EventDate "2001.09.02"]
[EventType "swiss"]
[EventRounds "9"]
[EventCountry "ITA"]
[SourceTitle "EXT 2007"]
[Source "ChessBase"]
[SourceDate "2006.11.23"]
[SourceVersion "1"]
[SourceVersionDate "2006.11.23"]
[SourceQuality "1"]

1. e4 e5 2. Nf3 Nf6 3. Nc3 Bb4 4. a3 Bxc3 5. bxc3 Nxe4 6. Bd3 d5 7. Nxe5 Qf6 8. Nf3 Bg4 9. Be2 0-0 10. 0-0 Nd7 11. Bb2 Rfe8 12. d4 Rad8 13. Qd3 Nb6 14. a4 Nc4 15. Bc1 h6 16. Bd1 Bf5 17. Nd2 Nexd2 18. Bxd2 Bxd3 0-1